| 000 | 01143nam a22002777a 4500 | ||
|---|---|---|---|
| 001 | BD-DhSAU | ||
| 003 | BD-DhSAU | ||
| 005 | 20241214102732.0 | ||
| 008 | 150420b2005 bg ||||| m||| 00| 0 eng d | ||
| 040 | _aBD-DhSAU | ||
| 082 |
_222 _a658.8 _bF268 |
||
| 100 |
_aZOHURA, FATEMA-TUZ- _eRegistration No. # 15-06867 |
||
| 245 |
_aExploring technical efficiency of maize
cultivation in bangladesh: a case study on
chuadanga district /
_bMS thesis |
||
| 260 |
_aSher-e-Bangla Agricultural University: _bDepartment of Agribusiness and Marketing, _c2023. |
||
| 300 |
_axi, 75p. ; _c30 cm. |
||
| 500 | _aMS thesis of Department of Agribusiness and Marketing SYSTEM , Faculty of Agribusiness and Marketing, Sher-e-Bangla Agricultural University, Dhaka, Bangladesh | ||
| 504 | _aIncludes bibliographical reference. | ||
| 590 | _aNazmul | ||
| 650 | _aexploring technical efficiency, | ||
| 651 | _amaize cultivation | ||
| 654 | _acase study on chuadanga district | ||
| 700 |
_aAssist. Prof. Dr. Md. Ghulam Rabbany _eSuperviser |
||
| 700 |
_aAssist. Prof. Dr. Sharmin Afrin _eCo-superviser |
||
| 942 |
_2ddc _cTHESIS |
||
| 999 |
_c17684 _d17683 |
||